MARC details
| 000 -LEADER |
| campo de control de longitud fija |
02854cam a2200517Mi 4500 |
| 001 - NÚMERO DE CONTROL |
| campo de control |
87515 |
| 005 - FECHA Y HORA DE LA ÚLTIMA TRANSACCIÓN |
| campo de control |
20230410103742.0 |
| 008 - DATOS DE LONGITUD FIJA--INFORMACIÓN GENERAL |
| campo de control de longitud fija |
081126s2008 fr ab b 000 0 fre d |
| 035 ## - NÚMERO DE CONTROL DEL SISTEMA |
| Número de control de sistema |
(OCoLC)ocn276978466 |
| 040 ## - FUENTE DE CATALOGACIÓN |
| Centro catalogador/agencia de origen |
TZT |
| Centro/agencia transcriptor |
TZT |
| Centro/agencia modificador |
AUXAM |
| -- |
STF |
| -- |
RBN |
| 020 ## - NÚMERO INTERNACIONAL ESTÁNDAR DEL LIBRO |
| Número Internacional Estándar del Libro |
9782749502007 |
| 020 ## - NÚMERO INTERNACIONAL ESTÁNDAR DEL LIBRO |
| Número Internacional Estándar del Libro |
2749502004 |
| 029 0# - OTRO NÚMERO DE CONTROL DE SISTEMA (OCLC) |
| Identificador de la biblioteca OCLC |
TZT |
| Número de control de sistema |
JTL00236951 |
| 029 1# - OTRO NÚMERO DE CONTROL DE SISTEMA (OCLC) |
| Identificador de la biblioteca OCLC |
AUXAM |
| Número de control de sistema |
AAL0432149-0001 |
| 035 ## - NÚMERO DE CONTROL DEL SISTEMA |
| Número de control de sistema |
(OCoLC)276978466 |
| 050 14 - SIGNATURA TOPOGRÁFICA DE LA BIBLIOTECA DEL CONGRESO |
| Número de clasificación |
318 DC 82 |
| Número de ítem |
B919p 2008 |
| 082 00 - NÚMERO DE LA CLASIFICACIÓN DECIMAL DEWEY |
| Número de clasificación |
940 |
| 049 ## - FONDOS LOCALES (OCLC) |
| Biblioteca depositaria |
GRAL |
| 100 1# - ENTRADA PRINCIPAL--NOMBRE DE PERSONA |
| Nombre de persona |
Buchholzer-Remy, Laurence. |
| 245 10 - MENCIÓN DEL TÍTULO |
| Título |
Pouvoirs, église et société: |
| Resto del título |
dans les royaumes de France, de Bourgogne et de Germanie, de 888 aux premiáeres années du XIIe siáecle / |
| Mención de responsabilidad, etc. |
Laurence Buchholzer-Remy, Damien Carraz, Bruno Lemesle. |
| 260 ## - PUBLICACIÓN, DISTRIBUCIÓN, ETC. |
| Lugar de publicación, distribución, etc. |
Paris, Rosny-sous-Bois Cedex : |
| Nombre del editor, distribuidor, etc. |
Bréal, |
| Fecha de publicación, distribución, etc. |
2008. |
| 300 ## - DESCRIPCIÓN FÍSICA |
| Extensión |
205 p.: |
| Otras características físicas |
ill., maps.; |
| Dimensiones |
21cm. |
| 440 #0 - MENCIÓN DE SERIE/PUNTO DE ACCESO ADICIONAL--TÍTULO |
| Título |
Collection Amphi Histoire Médiévale / Capes Agrégation |
| 504 ## - NOTA DE BIBLIOGRAFÍA, ETC. |
| Nota de bibliografía, etc. |
Includes bibliographical references |
| 505 0# - NOTA DE CONTENIDO CON FORMATO |
| Nota de contenido con formato |
Les royaumes au tournant de 888: Les devenirs des royaumes: Dans le royaume de Francie occidentale: competition pour la royauté-- La naissance du royaume de Germanie-- Les principaures territoriales Dans le royaume de France-- En Germaine, des duches aux nouveaux pouvoirs nobiliares-- De nouvelles formes de pouvoir: En France, le debat sur la mutation feodale: En Germaine, le developpement de nouveaux pouvoirs locaux-- Les premiers Capetiens-- Les caracteres de la royaute en Germaine (x-mi-xi siecle) Le gouvernenment royal sous les Saliens: crise et tournant-- Les aristocraties regionales enFrance -- Dominations seigneuriales-- Un heritage carolingien: L' eglise des annees 880 a 1030-- Un nouvel ordonnancemnt du monde: L'Eglise des annees 1030 á1120-- Reforme ou crise gregorienne? -- Disertations-- Commentaires de documents. |
| 651 #0 - PUNTO DE ACCESO ADICIONAL DE MATERIA--NOMBRE GEOGRÁFICO |
| Nombre geográfico |
France |
| Subdivisión general |
Politics and government |
| Subdivisión cronológica |
987-1328 |
| 651 #0 - PUNTO DE ACCESO ADICIONAL DE MATERIA--NOMBRE GEOGRÁFICO |
| Nombre geográfico |
Burgundy (Kingdom) |
| Subdivisión general |
Politics and governmen |
| 651 #0 - PUNTO DE ACCESO ADICIONAL DE MATERIA--NOMBRE GEOGRÁFICO |
| Nombre geográfico |
Arles (Kingdom) |
| -- |
x Politics and government. |
| 610 20 - PUNTO DE ACCESO ADICIONAL DE MATERIA--NOMBRE DE ENTIDAD CORPORATIVA |
| Nombre de entidad corporativa o nombre de jurisdicción como elemento de entrada |
Catholic Church |
| Subdivisión geográfica |
France |
| Subdivisión general |
History |
| Subdivisión cronológica |
To 150 |
| 651 #0 - PUNTO DE ACCESO ADICIONAL DE MATERIA--NOMBRE GEOGRÁFICO |
| Nombre geográfico |
Burgundy (Kingdom) |
| Subdivisión general |
History |
| 651 #0 - PUNTO DE ACCESO ADICIONAL DE MATERIA--NOMBRE GEOGRÁFICO |
| Nombre geográfico |
France |
| Subdivisión general |
History |
| Subdivisión cronológica |
Medieval period, 987-1515. |
| 653 ## - TÉRMINO DE INDIZACIÓN--NO CONTROLADO |
| Término no controlado |
European mediaeval history |
| -- |
9th-12th centuries |
| 650 #0 - PUNTO DE ACCESO ADICIONAL DE MATERIA--TÉRMINO DE MATERIA |
| Término de materia o nombre geográfico como elemento de entrada |
Europe |
| Subdivisión general |
History |
| Subdivisión cronológica |
476-1492. |
| 651 #4 - PUNTO DE ACCESO ADICIONAL DE MATERIA--NOMBRE GEOGRÁFICO |
| Nombre geográfico |
Francia |
| Subdivisión general |
Política y gobierno |
| Subdivisión cronológica |
987-1328 |
| 651 #4 - PUNTO DE ACCESO ADICIONAL DE MATERIA--NOMBRE GEOGRÁFICO |
| Nombre geográfico |
Burgundy (Reinado) |
| Subdivisión general |
Política y gobierno |
| Subdivisión cronológica |
Historia |
| 651 #4 - PUNTO DE ACCESO ADICIONAL DE MATERIA--NOMBRE GEOGRÁFICO |
| Nombre geográfico |
Arles (Reinado) |
| Subdivisión general |
Política y gobierno |
| Subdivisión cronológica |
Historia |
| 610 24 - PUNTO DE ACCESO ADICIONAL DE MATERIA--NOMBRE DE ENTIDAD CORPORATIVA |
| Nombre de entidad corporativa o nombre de jurisdicción como elemento de entrada |
Iglesia Católica |
| Subdivisión geográfica |
Francia |
| Subdivisión general |
Historia |
| Subdivisión cronológica |
de 150 |
| 651 #4 - PUNTO DE ACCESO ADICIONAL DE MATERIA--NOMBRE GEOGRÁFICO |
| Nombre geográfico |
Fracia |
| Subdivisión general |
Historia |
| Subdivisión cronológica |
Período Medieval, 987-1515 |
| 700 1# - ENTRADA AGREGADA--NOMBRE PERSONAL |
| Nombre de persona |
Carraz, Damien. |
| 700 1# - ENTRADA AGREGADA--NOMBRE PERSONAL |
| Nombre de persona |
Lemesle, Bruno. |
| 938 ## - |
| -- |
Jean Touzot Libraire Editeur |
| -- |
TOUZ |
| -- |
JTL00236951 |
| -- |
16 EUR |
| 938 ## - |
| -- |
Aux Amateurs de Livres |
| -- |
AUXA |
| -- |
AAL0432149-0001 |
| -- |
16,00 EUR |
| 942 ## - ELEMENTOS DE ENTRADA SECUNDARIOS (KOHA) |
| Fuente del sistema de clasificación o colocación |
Clasificación de Library of Congress |
| Tipo de ítem Koha |
|
| 994 ## - |
| -- |
C0 |
| -- |
DRFGD |
| 946 ## - PROCESAMIENTO DE INFORMACIÓN LOCAL (OCLC) |
| a |
rdc |